000 00485nam a2200145 4500
999 _c14620
_d14620
008 191019b ||||| |||| 00| 0 eng d
022 _a03080587
082 _aDPer 420.5 M72 Apr-Oct 2011 v. 20, n. 2-4
100 _940450
_aScotland, James.
245 _aTake note/
_cJames Scotland.
260 _aChichester, West Sussex:
_bPavilion Publishing,
_c©2011.
300 _av20, n2 pages 39-42:
_bcolor illustrations;
_c30 cm.
650 _aTeaching
_xnote taking.
_940624
942 _2ddc
_cPER